000 00865nam a2200229 i 4500
001 30086
003 ES-MaACL
005 20230906154133.0
007 t|
008 030123s1899 cl |||| | spa d
100 1 _aBarra, Eduardo de la.
_925804
245 1 4 _aLas lenguas celto-latinas /
_cpor Eduardo de la Barra.
260 _aSantiago de Chile :
_b[s.n.,
_c1899] (
_fImp. Cervantes)
300 _a157 p. ;
_c27 cm.
530 _aDisponible también en sitio web.
594 _aEstudio presentado al V Congreso Científico de Chile, celebrado en Chillan en febrero de 1898.
650 0 4 _aLengua latina.
_914291
650 4 _aLenguas célticas.
_9147951
711 2 _aCongreso Científico de Chile (
_n5º.
_d1898.
_cChillán)
_9147952
852 _aES-MaACL
_jT-935-F-5
856 _uhttp://www.archive.org/details/laslenguascelto00barrgoog
_zIr a la página
999 _c30086
_d30086